[Event "24. European Club Cup 2008"]
[Site "Kallithea GRE"]
[Date "2008.10.17"]
[Round "1.27"]
[White "Devereaux, Maxim"]
[Black "Larter, Nick J"]
[Result "1-0"]
[WhiteElo "2415"]
[BlackElo "1819"]
[PlyCount "95"]
[EventDate "2008.10.17"]
[EventType "team-swiss"]
[EventRounds "7"]
[EventCountry "GRE"]
[Source "lmi"]
[SourceDate "2008.10.17"]
[WhiteTeam "Barbican"]
[BlackTeam "Ennis"]

1. Nf3 b6 2. c4 Bb7 3. Nc3 e6 4. a3 f5 5. d4 Nf6 6. g3 Be7 7. Bg2 O-O 8. O-O
Ne4 9. Qc2 Bf6 10. Ne5 Bxe5 11. dxe5 Nc5 12. b4 Bxg2 13. Kxg2 Nb7 14. Bb2 Nc6
15. f4 a5 16. b5 Ne7 17. Na4 Qe8 18. Rad1 Rc8 19. Qb3 Rd8 20. Rf3 Ng6 21. Rfd3
Rf7 22. R3d2 h5 23. Qf3 Rb8 24. Qxh5 Nf8 25. Qf3 Qe7 26. h4 Nc5 27. Nxc5 Qxc5
28. Qb3 Qe7 29. a4 Rd8 30. Ba3 Qe8 31. c5 Rb8 32. Rc2 Rb7 33. Qf3 Ra7 34. cxb6
cxb6 35. Bd6 Ng6 36. Bc7 Qc8 37. Rdc1 Qb7 38. Bb8 Qxf3+ 39. Kxf3 Rb7 40. Rc8+
Rf8 41. Bd6 Rxc8 42. Rxc8+ Kf7 43. Rc7 Rxc7 44. Bxc7 d5 45. Bxb6 Ke7 46. h5 Nh8
47. Bxa5 Kd7 48. Bb4 1-0

[Event "24. European Club Cup 2008"]
[Site "Kallithea GRE"]
[Date "2008.10.17"]
[Round "1.28"]
[White "Jones, Richard S"]
[Black "Riff, Jean-Noel"]
[Result "1/2-1/2"]
[WhiteElo "2307"]
[BlackElo "2512"]
[PlyCount "134"]
[EventDate "2008.10.17"]
[EventType "team-swiss"]
[EventRounds "7"]
[EventCountry "GRE"]
[Source "lmi"]
[SourceDate "2008.10.17"]
[WhiteTeam "Nidum"]
[BlackTeam "Reichenstein"]

1. e4 c5 2. Nf3 d6 3. d4 Nf6 4. Nc3 cxd4 5. Nxd4 e6 6. g4 h6 7. h3 Nc6 8. Bg2
a6 9. Be3 Ne5 10. Qe2 g5 11. O-O-O Bd7 12. Nf3 Ng6 13. e5 dxe5 14. h4 Qc7 15.
hxg5 Nxg4 16. gxh6 Nxe3 17. Qxe3 Bc5 18. Qg5 Be7 19. Qg3 O-O-O 20. h7 Nf4 21.
Qg7 Bb4 22. Ne4 Qc4 23. Kb1 Nxg2 24. Rxd7 Ne1 25. Rxd8+ Rxd8 26. Rxe1 Bxe1 27.
h8=Q Qxe4 28. Qxd8+ Kxd8 29. Qf8+ Kc7 30. Qxf7+ Kb8 31. Qf8+ Ka7 32. Qc5+ Ka8
33. Qc8+ Ka7 34. Qc5+ Ka8 35. Qe3 Qxe3 36. fxe3 Bf2 37. e4 Kb8 38. Nxe5 Kc7 39.
c4 Bd4 40. Nd3 Kc6 41. a4 Bf6 42. Kc2 Bd4 43. b3 Kd6 44. Kd2 Kc6 45. Ke2 b5 46.
axb5+ axb5 47. cxb5+ Kxb5 48. Kf3 Kc6 49. Kg4 Kd6 50. Kg5 Bc3 51. Kg6 Bd4 52.
Kf7 Bc3 53. Kg6 Bd4 54. Kg5 Bc3 55. Kf4 Bd4 56. Kf3 Kc6 57. Ke2 Bf6 58. Nf4 Kd6
59. Kd3 Be5 60. Ng2 Kc5 61. Ne1 Bg7 62. Nf3 Bf6 63. e5 Bg7 64. Ke4 Kb4 65. Nd4
Kc3 66. Nxe6 Bxe5 67. Kxe5 Kxb3 1/2-1/2

[Event "24. European Club Cup 2008"]
[Site "Kallithea GRE"]
[Date "2008.10.17"]
[Round "1.28"]
[White "Young, A."]
[Black "Heimann, Andreas"]
[Result "0-1"]
[WhiteElo "2002"]
[BlackElo "2428"]
[PlyCount "54"]
[EventDate "2008.10.17"]
[EventType "team-swiss"]
[EventRounds "7"]
[EventCountry "GRE"]
[Source "lmi"]
[SourceDate "2008.10.17"]
[WhiteTeam "Nidum"]
[BlackTeam "Reichenstein"]

1. e4 c5 2. Nf3 e6 3. c3 Nf6 4. e5 Nd5 5. d4 cxd4 6. cxd4 b6 7. Nc3 Nxc3 8.
bxc3 Qc7 9. Bd2 d6 10. Bd3 Bb7 11. O-O Nd7 12. Ng5 dxe5 13. Qh5 g6 14. Qh3 Be7
15. Rae1 Bd5 16. c4 Bxc4 17. Bxc4 Qxc4 18. dxe5 Qc2 19. Ne4 Nc5 20. Nxc5 Qxd2
21. Rd1 Qf4 22. Nd3 Qf5 23. Qe3 O-O 24. Rc1 Rfd8 25. Rfd1 Rd7 26. Rc2 Rad8 27.
Rcd2 Bb4 0-1

[Event "24. European Club Cup 2008"]
[Site "Kallithea GRE"]
[Date "2008.10.17"]
[Round "1.29"]
[White "Swinkels, Robin"]
[Black "Ajvazi, Ramadan"]
[Result "1/2-1/2"]
[WhiteElo "2451"]
[BlackElo "2225"]
[PlyCount "92"]
[EventDate "2008.10.17"]
[EventType "team-swiss"]
[EventRounds "7"]
[EventCountry "GRE"]
[Source "lmi"]
[SourceDate "2008.10.17"]
[WhiteTeam "Eynatten"]
[BlackTeam "Llamkos"]

1. e4 c5 2. Nf3 Nc6 3. d4 cxd4 4. Nxd4 Nf6 5. Nc3 e5 6. Ndb5 d6 7. Bg5 a6 8.
Na3 d5 9. Nxd5 Qa5+ 10. Bd2 Qd8 11. Nxf6+ Qxf6 12. Nc4 Qg6 13. Qf3 Bg4 14. Qe3
b5 15. Na5 Nd4 16. Bd3 Be2 17. Rg1 Bc5 18. Qh3 O-O 19. Nb3 Nxb3 20. axb3 Bxd3
21. cxd3 Rad8 22. Ke2 f5 23. Be3 Bd4 24. exf5 Rxf5 25. Bxd4 Rxd4 26. Rgd1 Rdf4
27. f3 h6 28. Rg1 Kh7 29. Qg3 Qe6 30. Rgd1 Qxb3 31. Rd2 Rf6 32. Kf1 Qb4 33. Qf2
Rd4 34. Rdd1 Qb3 35. Qe2 Qd5 36. Rd2 b4 37. Re1 Re6 38. Rc1 a5 39. Rc4 Rd6 40.
Rxd4 Qxd4 41. b3 Qc3 42. Qe4+ Kg8 43. Qa8+ Kh7 44. Qe4+ Kg8 45. Qa8+ Kh7 46.
Qe4+ Kg8 1/2-1/2

[Event "24. European Club Cup 2008"]
[Site "Kallithea GRE"]
[Date "2008.10.17"]
[Round "1.29"]
[White "Sahitaj, Naim"]
[Black "Dambacher, Martijn"]
[Result "0-1"]
[WhiteElo "2221"]
[BlackElo "2485"]
[PlyCount "87"]
[EventDate "2008.10.17"]
[EventType "team-swiss"]
[EventRounds "7"]
[EventCountry "GRE"]
[Source "lmi"]
[SourceDate "2008.10.17"]
[WhiteTeam "Llamkos"]
[BlackTeam "Eynatten"]

1. d4 Nf6 2. c4 e6 3. Nc3 c5 4. d5 exd5 5. cxd5 d6 6. e4 g6 7. g3 Bg7 8. Bg2
O-O 9. Nge2 a6 10. a4 Nbd7 11. O-O c4 12. Be3 Qc7 13. b3 cxb3 14. Qxb3 Nc5 15.
Qa3 Nfd7 16. a5 Rb8 17. Rac1 Re8 18. f4 Qd8 19. e5 Bf8 20. e6 fxe6 21. dxe6
Nxe6 22. Qa2 Kh8 23. f5 gxf5 24. Rxf5 Bg7 25. Rf7 Ng5 26. Rxg7 Rxe3 27. Rxd7
Bxd7 28. Nd5 Re5 29. Nef4 Bc6 30. Nd3 Bxd5 31. Bxd5 Rf5 32. Nf4 Qf6 33. Rc7
Nh3+ 34. Nxh3 Qd4+ 35. Kg2 Qxd5+ 36. Qxd5 Rxd5 37. Nf4 Rxa5 38. h4 Rf5 39. Kf3
b5 40. g4 Rff8 41. g5 b4 42. h5 b3 43. g6 hxg6 44. hxg6 0-1

[Event "24. European Club Cup 2008"]
[Site "Kallithea GRE"]
[Date "2008.10.17"]
[Round "1.30"]
[White "Nemeth, Miklos"]
[Black "Makoli, Perparim"]
[Result "1-0"]
[WhiteElo "2479"]
[BlackElo "2215"]
[PlyCount "43"]
[EventDate "2008.10.17"]
[EventType "team-swiss"]
[EventRounds "7"]
[EventCountry "GRE"]
[Source "lmi"]
[SourceDate "2008.10.17"]
[WhiteTeam "Szombathely"]
[BlackTeam "Istog"]

1. e4 c5 2. Nf3 a6 3. Bc4 e6 4. d4 cxd4 5. Nxd4 Nf6 6. Bd3 Qc7 7. O-O Bc5 8.
Nb3 Be7 9. Nc3 d6 10. f4 Nbd7 11. Qf3 O-O 12. Be3 b6 13. Rae1 Bb7 14. Qh3 g6
15. g4 h5 16. gxh5 Nxh5 17. f5 Kg7 18. fxg6 fxg6 19. Nd4 Rxf1+ 20. Rxf1 Qc8 21.
Nxe6+ Kg8 22. Nd5 1-0

[Event "24. European Club Cup 2008"]
[Site "Kallithea GRE"]
[Date "2008.10.17"]
[Round "1.30"]
[White "Salihu, Sami"]
[Black "Rachela, Milan"]
[Result "0-1"]
[WhiteElo "2216"]
[BlackElo "2358"]
[PlyCount "146"]
[EventDate "2008.10.17"]
[EventType "team-swiss"]
[EventRounds "7"]
[EventCountry "GRE"]
[Source "lmi"]
[SourceDate "2008.10.17"]
[WhiteTeam "Istog"]
[BlackTeam "Szombathely"]

1. e4 e5 2. Nf3 Nc6 3. Bb5 Nf6 4. O-O Nxe4 5. Re1 Nd6 6. Nxe5 Be7 7. Ba4 Nxe5
8. Rxe5 O-O 9. d4 Nc4 10. Re1 d5 11. Nd2 Nd6 12. Nf1 c6 13. c3 Bf5 14. Ng3 Bg6
15. Bc2 Bxc2 16. Qxc2 Qd7 17. Bf4 Rfe8 18. Re2 Bf8 19. Rae1 Rxe2 20. Rxe2 Qg4
21. Bxd6 Bxd6 22. Qf5 Qxf5 23. Nxf5 Bf8 24. Ne7+ Kh8 25. Nf5 g6 26. Ng3 Kg7 27.
Kf1 h5 28. Ke1 Kf6 29. Nf1 Bd6 30. g3 h4 31. f4 Rh8 32. Kf2 g5 33. fxg5+ Kxg5
34. Kg2 hxg3 35. hxg3 Rg8 36. Kf3 Rh8 37. Kg2 a5 38. a4 Rb8 39. Kf3 b5 40. axb5
Rxb5 41. Ne3 Rb3 42. Nd1 Rb8 43. Nf2 a4 44. Nh3+ Kf5 45. g4+ Kf6 46. Nf4 Rb3
47. Rc2 Kg5 48. Nh3+ Kg6 49. Nf4+ Kf6 50. Ne2 Rb8 51. Ng1 Rh8 52. Rg2 Kg5 53.
Ke3 Re8+ 54. Kd3 Re4 55. Nh3+ Kh4 56. Nf2 Re8 57. c4 Bf4 58. cxd5 Re3+ 59. Kc2
Re2+ 60. Kd1 Rd2+ 61. Ke1 cxd5 62. Rh2+ Kg3 63. Rh3+ Kg2 64. Nd3 Kxh3 65. Nxf4+
Kxg4 66. Nxd5 Rxd4 67. Nc3 f5 68. Ke2 f4 69. Ke1 f3 70. Kf2 Kf4 71. Ke1 Ke3 72.
Kf1 f2 73. b3 axb3 0-1

[Event "24. European Club Cup 2008"]
[Site "Kallithea GRE"]
[Date "2008.10.17"]
[Round "1.31"]
[White "Mcdonnell, James J"]
[Black "Mastrovasilis, Athanasios"]
[Result "0-1"]
[WhiteElo "2041"]
[BlackElo "2495"]
[PlyCount "84"]
[EventDate "2008.10.17"]
[EventType "team-swiss"]
[EventRounds "7"]
[EventCountry "GRE"]
[Source "lmi"]
[SourceDate "2008.10.17"]
[WhiteTeam "Belfast"]
[BlackTeam "ESTH Thessaloniki"]

1. e4 Nc6 2. Nf3 d6 3. d4 Nf6 4. Nc3 g6 5. Be2 Bg7 6. O-O O-O 7. h3 e5 8. dxe5
dxe5 9. a3 Be6 10. Be3 Qc8 11. Bd3 Rd8 12. Nd2 Nh5 13. Kh2 Nf4 14. Bxf4 exf4
15. Nf3 Ne5 16. Nxe5 Bxe5 17. f3 c6 18. Qe2 Rd4 19. Qf2 Qc7 20. Rab1 Rd7 21.
Rfd1 Bd4 22. Qe1 Rad8 23. Ne2 Be5 24. Nc3 b5 25. Be2 Bd4 26. Bd3 Qe5 27. Kh1 a6
28. Ne2 Bxb2 29. Qb4 Bd4 30. Nxd4 Rxd4 31. Qa5 Qc5 32. Rb4 R4d7 33. Rbb1 Kg7
34. a4 Rd4 35. axb5 axb5 36. Qc7 Qd6 37. Qxd6 R8xd6 38. Be2 Rxd1+ 39. Rxd1
Rxd1+ 40. Bxd1 Kf6 41. Be2 b4 42. g4 Ke5 0-1

[Event "24. European Club Cup 2008"]
[Site "Kallithea GRE"]
[Date "2008.10.18"]
[Round "2.2"]
[White "Shavtvaladze, Nikoloz"]
[Black "Jobava, Baadur"]
[Result "1/2-1/2"]
[WhiteElo "2442"]
[BlackElo "2664"]
[PlyCount "30"]
[EventDate "2008.10.17"]
[EventType "team-swiss"]
[EventRounds "7"]
[EventCountry "GRE"]
[Source "lmi"]
[SourceDate "2008.10.17"]
[WhiteTeam "ESTH Thessaloniki"]
[BlackTeam "MIKA"]

1. d4 Nf6 2. Nf3 e6 3. c4 b6 4. g3 Bb7 5. Bg2 Be7 6. O-O O-O 7. Nc3 Ne4 8. Qc2
Nxc3 9. Qxc3 Be4 10. Ne1 Bxg2 11. Nxg2 d5 12. Rd1 c6 13. Bf4 Nd7 14. cxd5 cxd5
15. Rac1 Rc8 1/2-1/2

[Event "24. European Club Cup 2008"]
[Site "Kallithea GRE"]
[Date "2008.10.18"]
[Round "2.2"]
[White "Petrosian, Tigran L"]
[Black "Zakarian, David"]
[Result "0-1"]
[WhiteElo "2629"]
[BlackElo "2261"]
[PlyCount "126"]
[EventDate "2008.10.17"]
[EventType "team-swiss"]
[EventRounds "7"]
[EventCountry "GRE"]
[Source "lmi"]
[SourceDate "2008.10.17"]
[WhiteTeam "MIKA"]
[BlackTeam "ESTH Thessaloniki"]

1. e4 c5 2. Nc3 d6 3. Nf3 Nc6 4. d4 cxd4 5. Nxd4 e5 6. Nf3 h6 7. Bc4 Nf6 8. O-O
Be7 9. Qe2 O-O 10. Rd1 Bg4 11. Be3 Rc8 12. Bb3 a6 13. Nd5 Nxd5 14. Bxd5 Nb4 15.
Bb3 Qc7 16. c3 Nc6 17. h3 Be6 18. Nd2 Na5 19. Bxe6 fxe6 20. c4 Nc6 21. Nf3 Bf6
22. Rac1 Rfd8 23. a3 Qa5 24. Rd3 d5 25. Bd2 Qb6 26. cxd5 exd5 27. exd5 Nd4 28.
Nxd4 Rxc1+ 29. Bxc1 exd4 30. Rg3 Kf8 31. Qh5 Qa5 32. Bxh6 Qe1+ 33. Kh2 gxh6 34.
Qxh6+ Ke7 35. Qh7+ Kd6 36. Qxb7 Qe5 37. Kg1 Qe1+ 38. Kh2 Qe5 39. Qxa6+ Kxd5 40.
Qa5+ Ke6 41. Qd2 Bg5 42. Qd3 Bf4 43. a4 Bxg3+ 44. fxg3 Qf5 45. Qd2 d3 46. a5
Qd5 47. a6 Rc8 48. a7 Kd7 49. b4 Kc7 50. b5 Kb7 51. Qh6 Ka8 52. b6 d2 53. b7+
Kxb7 54. a8=B+ Rxa8 55. Qg7+ Kc8 56. Qf8+ Kd7 57. Qg7+ Kd6 58. Qf6+ Kc5 59.
Qc3+ Kb5 60. Qb2+ Ka4 61. Qc2+ Ka3 62. Qc3+ Ka2 63. Qc2+ Ka1 0-1

[Event "24. European Club Cup 2008"]
[Site "Kallithea GRE"]
[Date "2008.10.18"]
[Round "2.2"]
[White "Pambalos, Panayiotis"]
[Black "Pashikian, Arman"]
[Result "0-1"]
[WhiteElo "2137"]
[BlackElo "2611"]
[PlyCount "66"]
[EventDate "2008.10.17"]
[EventType "team-swiss"]
[EventRounds "7"]
[EventCountry "GRE"]
[Source "lmi"]
[SourceDate "2008.10.17"]
[WhiteTeam "ESTH Thessaloniki"]
[BlackTeam "MIKA"]

1. e4 e5 2. Nf3 Nc6 3. d4 exd4 4. Nxd4 Bb4+ 5. c3 Bc5 6. Be3 Bb6 7. Qg4 g6 8.
Qg3 Nf6 9. Nxc6 bxc6 10. Bxb6 axb6 11. Qe5+ Kf8 12. Bd3 Kg7 13. O-O Re8 14. Qg5
Ra5 15. Qe3 d5 16. f3 dxe4 17. fxe4 Rd5 18. Bc2 Ba6 19. Re1 Bd3 20. Bxd3 Rxd3
21. Qf4 Nxe4 22. Na3 Qd5 23. Nc2 Rd2 24. Ne3 Qc5 25. b4 Qxc3 26. Rac1 Qf6 27.
Qxf6+ Nxf6 28. Rxc6 Ng4 29. Rc3 Rxa2 30. h3 Nxe3 31. Rexe3 Rxe3 32. Rxe3 Rc2
33. b5 Rc5 0-1

[Event "24. European Club Cup 2008"]
[Site "Kallithea GRE"]
[Date "2008.10.18"]
[Round "2.4"]
[White "Hayrapetian, Arman"]
[Black "Galkin, Alexander"]
[Result "1/2-1/2"]
[WhiteElo "2402"]
[BlackElo "2624"]
[PlyCount "60"]
[EventDate "2008.10.17"]
[EventType "team-swiss"]
[EventRounds "7"]
[EventCountry "GRE"]
[Source "lmi"]
[SourceDate "2008.10.17"]
[WhiteTeam "FIMA"]
[BlackTeam "Saratov"]

1. e4 c6 2. Nc3 d5 3. Nf3 Bg4 4. h3 Bxf3 5. Qxf3 e6 6. d4 dxe4 7. Nxe4 Qxd4 8.
Bd3 Nd7 9. Be3 Qd5 10. Rd1 Ne5 11. Qf4 Qa5+ 12. Ke2 Ng6 13. Nd6+ Bxd6 14. Qxd6
Rd8 15. b4 Qe5 16. Qxe5 Nxe5 17. Bxa7 Nf6 18. Rhe1 Ra8 19. Bd4 Nxd3 20. Kxd3
Ra3+ 21. Ke2 Nd5 22. c4 Nf4+ 23. Kf1 O-O 24. Re4 Ng6 25. Bc5 Rfa8 26. Rd7 b5
27. cxb5 cxb5 28. Rb7 Rxa2 29. g3 e5 30. Rxb5 h5 1/2-1/2

[Event "24. European Club Cup 2008"]
[Site "Kallithea GRE"]
[Date "2008.10.18"]
[Round "2.4"]
[White "Akopian, Gagik"]
[Black "Khairullin, Ildar"]
[Result "1/2-1/2"]
[WhiteElo "2261"]
[BlackElo "2575"]
[PlyCount "60"]
[EventDate "2008.10.17"]
[EventType "team-swiss"]
[EventRounds "7"]
[EventCountry "GRE"]
[Source "lmi"]
[SourceDate "2008.10.17"]
[WhiteTeam "FIMA"]
[BlackTeam "Saratov"]

1. e4 c5 2. Nf3 e6 3. d4 cxd4 4. Nxd4 Nf6 5. Nc3 Nc6 6. Be3 Bb4 7. Bd3 d5 8.
exd5 Nxd5 9. Nxc6 bxc6 10. Bd2 Qf6 11. Nxd5 Bxd2+ 12. Qxd2 cxd5 13. Bb5+ Bd7
14. Bxd7+ Kxd7 15. O-O Rhc8 16. c3 Ke8 17. Rae1 Kf8 18. Re3 Qf4 19. Rfe1 Kg8
20. R1e2 Rab8 21. Rd3 Qc4 22. b3 Qh4 23. Rh3 Qf6 24. Rf3 Qd8 25. Rg3 Rb7 26.
Qd4 g6 27. h4 Qb6 28. Qf6 Qd8 29. Qd4 Qb6 30. Qf6 Qd8 1/2-1/2

[Event "24. European Club Cup 2008"]
[Site "Kallithea GRE"]
[Date "2008.10.18"]
[Round "2.5"]
[White "Miroshnichenko, Evgenij"]
[Black "Kogan, Artur"]
[Result "1-0"]
[WhiteElo "2632"]
[BlackElo "2561"]
[PlyCount "258"]
[EventDate "2008.10.17"]
[EventType "team-swiss"]
[EventRounds "7"]
[EventCountry "GRE"]
[Source "lmi"]
[SourceDate "2008.10.17"]
[WhiteTeam "Kiev"]
[BlackTeam "Ashdod"]

1. c4 e5 2. Nc3 Nf6 3. g3 Nc6 4. Bg2 Bc5 5. Nf3 d6 6. e3 O-O 7. a3 a6 8. d4 Ba7
9. h3 Rb8 10. O-O b5 11. cxb5 axb5 12. b4 e4 13. Nd2 d5 14. a4 bxa4 15. Qxa4
Rxb4 16. Qxc6 Bb7 17. Qxf6 Qxf6 18. Rxa7 Rd8 19. Ra1 Qc6 20. Ba3 Qxc3 21. Bxb4
Qxb4 22. Nxe4 dxe4 23. Rab1 Qd6 24. Rxb7 Qc6 25. Rbb1 f5 26. Rfc1 Qd6 27. Rc5
g6 28. Rbc1 Rd7 29. Bf1 Re7 30. Rc6 Qd8 31. h4 Kg7 32. R1c5 h5 33. Ra6 Kh7 34.
Bh3 Rg7 35. Re6 Qb8 36. Rec6 Qb1+ 37. Bf1 Qb8 38. Kg2 Qd8 39. Kg1 Qb8 40. Re6
Qd8 41. Bb5 Re7 42. Ra6 Rg7 43. Kg2 Re7 44. Rcc6 Qg8 45. Bc4 Qe8 46. Rc5 Qb8
47. Rcc6 Rg7 48. Rf6 Qb1 49. Rf8 Qc2 50. Rc6 Qd1 51. Bf1 Qg4 52. Rff6 Qf3+ 53.
Kg1 Qd1 54. Rc5 Qa1 55. Rfc6 Qd1 56. Rc1 Qd2 57. Rxc7 Rxc7 58. Rxc7+ Kh6 59.
Ra7 Qd1 60. Ra2 Kg7 61. Kg2 f4 62. exf4 Qxd4 63. Re2 Kf6 64. Re3 Kf5 65. Bb5
Qd5 66. Ba4 Qc4 67. Bb3 Qc6 68. Kh2 Qc5 69. Bd1 Qc1 70. Be2 Qd2 71. Kg2 Qd5 72.
Bf1 Qd4 73. Rb3 Kf6 74. Re3 Kf5 75. Kh2 Qd2 76. Bh3+ Kf6 77. Kg2 Qd5 78. Kf1
Qd1+ 79. Re1 Qd3+ 80. Kg1 Qd2 81. Rxe4 Qd1+ 82. Bf1 Kf5 83. Re3 Qc1 84. Kg2 Kf6
85. Be2 Qd2 86. Bf3 Qd4 87. Re5 Qc3 88. Rd5 Qb4 89. Rd7 Ke6 90. Rg7 Kf6 91. Rc7
Qd4 92. Rc6+ Kf7 93. Rc2 Kf6 94. Re2 Qd3 95. Re5 Qd4 96. Bd5 Kg7 97. Bc6 Qc4
98. Bf3 Kf6 99. Ra5 Qd3 100. Bd5 Qd4 101. Rb5 Ke7 102. Bf3 Kf6 103. Rg5 Qd3
104. f5 gxf5 105. Bxh5 Qe4+ 106. Bf3 Qe6 107. Bh5 Qe4+ 108. Bf3 Qe6 109. g4
fxg4 110. Rxg4 Qe5 111. h5 Kf7 112. h6 Qh8 113. Rg7+ Kf6 114. Rb7 Qg8+ 115. Kh2
Qg5 116. Rb6+ Kf7 117. Rb7+ Kf6 118. h7 Qh4+ 119. Kg2 Qg5+ 120. Kh3 Qh6+ 121.
Kg3 Qg5+ 122. Bg4 Qe5+ 123. Kh3 Kg6 124. Re7 Qc3+ 125. Kg2 Qd4 126. Bf3 Qh4
127. Re5 Qf6 128. Re6 Qxe6 129. h8=Q Qh3+ 1-0

[Event "24. European Club Cup 2008"]
[Site "Kallithea GRE"]
[Date "2008.10.18"]
[Round "2.6"]
[White "Popov, Valerij"]
[Black "Pergel, Laszlo"]
[Result "1-0"]
[WhiteElo "2542"]
[BlackElo "2293"]
[PlyCount "77"]
[EventDate "2008.10.17"]
[EventType "team-swiss"]
[EventRounds "7"]
[EventCountry "GRE"]
[Source "lmi"]
[SourceDate "2008.10.17"]
[WhiteTeam "TPS"]
[BlackTeam "Szombathely"]

1. c4 Nf6 2. Nc3 e6 3. Nf3 d5 4. d4 Nbd7 5. cxd5 exd5 6. Bf4 c6 7. e3 Be7 8. h3
O-O 9. Bd3 Re8 10. Qc2 Nf8 11. O-O-O Be6 12. Kb1 Bd6 13. Bxd6 Qxd6 14. g4 Qe7
15. Ka1 N6d7 16. Ne2 Nb6 17. Nf4 Nc8 18. Nxe6 fxe6 19. h4 Nd6 20. Ne5 Nf7 21.
Nxf7 Qxf7 22. f4 Rac8 23. h5 c5 24. dxc5 Qe7 25. Rc1 Rc7 26. Qa4 e5 27. Qxa7 e4
28. Bc2 Kh8 29. Bb3 Ne6 30. h6 Rxc5 31. hxg7+ Kxg7 32. Rxc5 Nxc5 33. Bxd5 Rd8
34. Rh5 Qc7 35. a3 Rd6 36. Rg5+ Kh6 37. Rh5+ Kg7 38. Bg8 Nd3 39. Rxh7+ 1-0

[Event "24. European Club Cup 2008"]
[Site "Kallithea GRE"]
[Date "2008.10.18"]
[Round "2.8"]
[White "Hammes, Michael"]
[Black "Akopian, Vladimir"]
[Result "0-1"]
[WhiteElo "2399"]
[BlackElo "2679"]
[PlyCount "52"]
[EventDate "2008.10.17"]
[EventType "team-swiss"]
[EventRounds "7"]
[EventCountry "GRE"]
[Source "lmi"]
[SourceDate "2008.10.17"]
[WhiteTeam "Eynatten"]
[BlackTeam "Linex"]

1. d4 Nf6 2. c4 e6 3. Nc3 Bb4 4. e3 c5 5. Nge2 b6 6. a3 Ba5 7. Bd2 O-O 8. Nf4
cxd4 9. exd4 Bxc3 10. Bxc3 d5 11. Qf3 Bb7 12. Bd3 Nbd7 13. cxd5 Nxd5 14. Nxd5
Bxd5 15. Qh3 f5 16. O-O Rf6 17. Bd2 Rg6 18. f3 Nb8 19. Rac1 Nc6 20. Be3 Qf6 21.
Bc4 Nxd4 22. Bxd5 exd5 23. Rcd1 Ne2+ 24. Kh1 Re8 25. f4 Ng3+ 26. hxg3 Rxe3 0-1

[Event "24. European Club Cup 2008"]
[Site "Kallithea GRE"]
[Date "2008.10.18"]
[Round "2.8"]
[White "Perez Candelario, Manuel"]
[Black "Schulz, Klaus-Juergen"]
[Result "1-0"]
[WhiteElo "2520"]
[BlackElo "2379"]
[PlyCount "103"]
[EventDate "2008.10.17"]
[EventType "team-swiss"]
[EventRounds "7"]
[EventCountry "GRE"]
[Source "lmi"]
[SourceDate "2008.10.17"]
[WhiteTeam "Linex"]
[BlackTeam "Eynatten"]

1. e4 e5 2. Nf3 Nc6 3. Bb5 a6 4. Ba4 Nf6 5. O-O Be7 6. Re1 b5 7. Bb3 d6 8. c3
O-O 9. h3 Na5 10. Bc2 c5 11. d4 Qc7 12. b4 cxb4 13. cxb4 Nc6 14. Bb2 exd4 15.
Nxd4 Nxd4 16. Bxd4 Be6 17. Nc3 Rac8 18. a4 bxa4 19. Rxa4 Qb7 20. Bd3 Bc4 21. b5
Bxd3 22. Qxd3 Rxc3 23. Bxc3 axb5 24. Rb4 Rb8 25. Reb1 Qc6 26. Bxf6 Bxf6 27.
Rxb5 Rd8 28. Rd5 Be7 29. e5 f6 30. Qb3 Kf8 31. e6 g6 32. Rbd1 Kg7 33. g3 h5 34.
Ra1 Ra8 35. Rxa8 Qxa8 36. g4 hxg4 37. hxg4 Qa1+ 38. Kg2 Qe1 39. Qe3 Qb4 40. Rd4
Qc5 41. Rd3 Qc4 42. Qe2 Qb5 43. Qe4 Qg5 44. Rg3 Qb5 45. Rc3 Qb6 46. Rc4 Qa5 47.
Qb7 Kh6 48. Rc7 Qg5 49. Qf3 f5 50. Qh3+ Kg7 51. Qc3+ Kh6 52. Qh8# 1-0

[Event "24. European Club Cup 2008"]
[Site "Kallithea GRE"]
[Date "2008.10.18"]
[Round "2.8"]
[White "Forster, Sven"]
[Black "Cabezas Ayala, Ivan"]
[Result "0-1"]
[WhiteElo "2115"]
[BlackElo "2374"]
[PlyCount "120"]
[EventDate "2008.10.17"]
[EventType "team-swiss"]
[EventRounds "7"]
[EventCountry "GRE"]
[Source "lmi"]
[SourceDate "2008.10.17"]
[WhiteTeam "Eynatten"]
[BlackTeam "Linex"]

1. Nf3 Nf6 2. c4 g6 3. Nc3 Bg7 4. e4 d6 5. d4 O-O 6. h3 e5 7. d5 a5 8. Bg5 Na6
9. Nd2 Qe8 10. g4 Nd7 11. Rg1 Ndc5 12. a3 a4 13. Qf3 f6 14. Be3 Rf7 15. Qg2 Qf8
16. Be2 Bh6 17. O-O-O Bd7 18. h4 Bxe3 19. fxe3 Rb8 20. g5 fxg5 21. Qxg5 Qe7 22.
Qh6 Qf8 23. Qg5 Qe7 24. Qh6 Qf8 25. Qg5 Kh8 26. h5 gxh5 27. Qxh5 Qe7 28. Nf3
Rbf8 29. Nh4 Rg7 30. Ng6+ Rxg6 31. Rxg6 Be8 32. Qg5 Qxg5 33. Rxg5 Rg8 34. Rdg1
Rxg5 35. Rxg5 Bg6 36. Rg4 Kg7 37. Kd2 h5 38. Rg1 Kf6 39. Bd1 Nb3+ 40. Ke1 Na5
41. Be2 Nc5 42. Nb5 Bxe4 43. Nxc7 Bd3 44. Ne8+ Ke7 45. Bxh5 Nxc4 46. Rg7+ Kd8
47. Nc7 Bf5 48. Ne6+ Bxe6 49. dxe6 Nxe6 50. Rxb7 Nc5 51. Rb5 Nxe3 52. Bf7 Nc2+
53. Kd2 Nd4 54. Rb4 Nc6 55. Rh4 Kc7 56. Kc3 Ne7 57. Kc4 Kc6 58. Be8+ Kb6 59.
Rh6 Nf5 60. Rf6 Ne3+ 0-1

[Event "24. European Club Cup 2008"]
[Site "Kallithea GRE"]
[Date "2008.10.18"]
[Round "2.9"]
[White "Hausrath, Daniel"]
[Black "Silva, Sebastain"]
[Result "1/2-1/2"]
[WhiteElo "2493"]
[BlackElo "2375"]
[PlyCount "65"]
[EventDate "2008.10.17"]
[EventType "team-swiss"]
[EventRounds "7"]
[EventCountry "GRE"]
[Source "lmi"]
[SourceDate "2008.10.17"]
[WhiteTeam "Muehlheim"]
[BlackTeam "Clichy"]

1. Nf3 c5 2. c4 Nc6 3. Nc3 e5 4. g3 g6 5. Bg2 Bg7 6. O-O d6 7. d3 Nge7 8. Ne1
Be6 9. Nc2 d5 10. cxd5 Nxd5 11. Ne4 b6 12. Ng5 Bc8 13. Ne3 Nde7 14. b4 cxb4 15.
a3 h6 16. axb4 hxg5 17. b5 Bb7 18. bxc6 Bxc6 19. Bxc6+ Nxc6 20. Qa4 Qd7 21. Bb2
Nd4 22. Bxd4 b5 23. Qb3 exd4 24. Qd5 Rd8 25. Qxd7+ Rxd7 26. Nc2 O-O 27. Rfb1
Rb8 28. Ra5 Rdb7 29. Nb4 Rc8 30. Na6 Rc6 31. Nb4 Rc8 32. Na6 Rc6 33. Nb4
1/2-1/2

[Event "24. European Club Cup 2008"]
[Site "Kallithea GRE"]
[Date "2008.10.18"]
[Round "2.9"]
[White "Mullon, Jean-Baptiste"]
[Black "Schebler, Gerhard"]
[Result "1/2-1/2"]
[WhiteElo "2354"]
[BlackElo "2467"]
[PlyCount "60"]
[EventDate "2008.10.17"]
[EventType "team-swiss"]
[EventRounds "7"]
[EventCountry "GRE"]
[Source "lmi"]
[SourceDate "2008.10.17"]
[WhiteTeam "Clichy"]
[BlackTeam "Muehlheim"]

1. e4 c6 2. d4 d5 3. e5 Bf5 4. Nc3 Qb6 5. Nf3 e6 6. Be2 Ne7 7. O-O Bg4 8. Na4
Qc7 9. b3 b5 10. Nb2 Nd7 11. c4 a6 12. cxb5 axb5 13. Nd3 Nf5 14. Nf4 Qb6 15.
Be3 Be7 16. h3 Bxf3 17. Bxf3 Nxe3 18. fxe3 Bg5 19. Kh1 O-O 20. Be2 Bxf4 21.
Rxf4 f6 22. exf6 Rxf6 23. Rxf6 Nxf6 24. Qc2 b4 25. Bd3 Rc8 26. Rc1 Qa7 27. Bb5
Ne4 28. Bd3 Nf6 29. Bb5 Ne4 30. Bd3 Nf6 1/2-1/2